Informatizácia verejnej správy ako dôležitý faktor premeny na znalostnú ekonomiku

Nutnosť zavádzania informačných technológií do verejnej správy - eGovernment a snaha o zavedenie inovačných foriem vládnutia. Súčasný stav informatizácie na Slovensku. Veľký rozdiel využívania informačných a komunikačných technológií (IKT) medzi mestom a vidiekom. Príčiny nízkeho využívania IKT. Per...

Ausführliche Beschreibung

Gespeichert in:
Bibliographische Detailangaben
1. Verfasser: Tvrdoň, Jozef
Weitere Verfasser: Šuranová, Jana
Format: Buchkapitel
Sprache:Slowakisch
Schlagworte:
Tags: Tag hinzufügen
Keine Tags, Fügen Sie das erste Tag hinzu!

MARC

LEADER 00000naa$a2200000$$$4500
001 0053967
005 20240502071626.4
041 0 |a slo 
044 |a SK 
245 1 0 |a Informatizácia verejnej správy ako dôležitý faktor premeny na znalostnú ekonomiku  |c Jozef Tvrdoň, Jana Šuranová 
520 |a Nutnosť zavádzania informačných technológií do verejnej správy - eGovernment a snaha o zavedenie inovačných foriem vládnutia. Súčasný stav informatizácie na Slovensku. Veľký rozdiel využívania informačných a komunikačných technológií (IKT) medzi mestom a vidiekom. Príčiny nízkeho využívania IKT. Perspektívy procesu informatizácie verejnej správy v Slovenskej republike. Program Minerva. Ďalšie dokumenty, v ktorých sa rieši problematika informatizácie spoločnosti. 
610 2 0 |a technológie informačné 
610 2 0 |a technológie komunikačné 
610 2 0 |a informatizácia 
610 2 0 |a spoločnosť vedomostná 
610 2 0 |a správa verejná 
610 2 0 |a správa verejná elektronická 
610 2 0 |a bezpečnosť informačná 
610 2 0 |a sektor verejný 
610 2 0 |a sektor súkromný 
610 2 0 |a Slovensko 
100 1 |a Tvrdoň, Jozef 
700 1 |a Šuranová, Jana